Sedimentary rocks in the field (Record no. 1215806)

MARC details
000 -LEADER
fixed length control field 00845nam a2200265Ia 4500
003 - CONTROL NUMBER IDENTIFIER
control field OSt
005 - DATE AND TIME OF LATEST TRANSACTION
control field 20221007125758.0
008 - FIXED-LENGTH DATA ELEMENTS--GENERAL INFORMATION
fixed length control field 221006b |||||||| |||| 00| 0 eng d
020 ## - INTERNATIONAL STANDARD BOOK NUMBER
International Standard Book Number 1874545693 (pbk)
037 ## - SOURCE OF ACQUISITION
Terms of availability Textbook
040 ## - CATALOGING SOURCE
Original cataloging agency DGL
Transcribing agency DGL
Language of cataloging eng
041 ## - LANGUAGE CODE
Source of code eng
Language code of text/sound track or separate title eng
100 ## - MAIN ENTRY--PERSONAL NAME
Personal name Stow Dorrik A V
9 (RLIN) 722433
245 #0 - TITLE STATEMENT
Title Sedimentary rocks in the field
Remainder of title a colour guide
260 ## - PUBLICATION, DISTRIBUTION, ETC.
Place of publication, distribution, etc. London
Name of publisher, distributor, etc. Manson Publishing Ltd.
Date of publication, distribution, etc. 2005
300 ## - PHYSICAL DESCRIPTION
Extent 320p.
Dimensions cm.
500 ## - GENERAL NOTE
General note References 298-300p; Index 301-313p
650 ## - SUBJECT ADDED ENTRY--TOPICAL TERM
Topical term or geographic name entry element Sedimentary rocks
9 (RLIN) 722434
650 ## - SUBJECT ADDED ENTRY--TOPICAL TERM
Topical term or geographic name entry element Generalia
942 ## - ADDED ENTRY ELEMENTS (KOHA)
Classification part H23, P5 Carg
Koha item type Textbook
Source of classification or shelving scheme Colon Classification (CC)

No items available.

Copyright @ Delhi University Library System